Υπαίθρια εκπαίδευση και περιβαλλοντική εκπαίδευση : διπλωματική εργασία [μεταπτυχιακή εργασία]

Αποθηκεύτηκε σε:
Λεπτομέρειες βιβλιογραφικής εγγραφής
Κύριος συγγραφέας: Κουρούνης, Κωνσταντίνος
Συγγραφή απο Οργανισμό/Αρχή: Πανεπιστήμιο Αιγαίου Σχολή Ανθρωπιστικών Επιστημών Τμήμα Επιστημών της Προσχολικής Αγωγής και του Εκπαιδευτικού Σχεδιασμού Πρόγραμμα Μεταπτυχιακών Σπουδών Περιβαλλοντική Εκπαίδευση
Άλλοι συγγραφείς: Θεοδωροπούλου, Έλενα Κ. (Εισηγητής διατριβής)
Μορφή: Thesis Βιβλίο
Γλώσσα:Greek
Δημοσίευση: 2011
Θέματα:
Διαθέσιμο Online:http://hdl.handle.net/11610/15833
Ετικέτες: Προσθήκη ετικέτας
Δεν υπάρχουν, Καταχωρήστε ετικέτα πρώτοι!

MARC

LEADER 00000cam a2200000 i 4500
001 1/14776
008 110830s2011 gre d
035 |l 10110711 
040 |a GR-MY-UA  |b gre  |e aacr 
041 0 |a gre 
082 0 |a 371.38  |2 (22) 
100 1 |a Κουρούνης, Κωνσταντίνος. 
245 1 0 |a Υπαίθρια εκπαίδευση και περιβαλλοντική εκπαίδευση :  |b διπλωματική εργασία [μεταπτυχιακή εργασία] /  |c Κουρούνης Κωνσταντίνος ; επιβλέπουσα: Θεοδωροπούλου Έλενα 
260 |c 2011 
300 |a 114 σ.;  |c 30 εκ. 
500 |a Μέλη εξεταστικής επιτροπής: Ιωσηφίδης Θεόδωρος, Δημητρίου Αναστασία 
502 |a Διατριβή (μεταπτυχιακή) – Πανεπιστήμιο Αιγαίου, Ρόδος, 2011. 
504 |a Βιβλιογραφία: σ. 104-114 
650 0 0 |a Outdoor education. 
650 0 0 |a Environmental education  |x Activity programs  |x Case studies. 
650 0 0 |a Dissertations, Academic  |z Greece. 
700 1 |a Θεοδωροπούλου, Έλενα Κ.  |4 ths 
710 2 |a Πανεπιστήμιο Αιγαίου  |b Σχολή Ανθρωπιστικών Επιστημών  |b Τμήμα Επιστημών της Προσχολικής Αγωγής και του Εκπαιδευτικού Σχεδιασμού  |b Πρόγραμμα Μεταπτυχιακών Σπουδών Περιβαλλοντική Εκπαίδευση. 
852 |a INST  |b RHODES  |c DIATR  |e 20110830  |h 371.38 ΚΟΥ  |p 005400033149  |q 005400033149  |t MTXE  |y 23 
852 |a INST  |b RHODES  |c DIATR  |e 20110830  |h 371.38 ΚΟΥ  |p 005400033461  |q 005400033461  |t MTXE  |y 23 
856 |u http://hdl.handle.net/11610/15833 
901 |a BIBL4-2011-2 
909 |a Ρ  |b 163994 
909 |a Ρ  |b 163995 
924 |a ΚΟΥΡΟΥΝΗΣ  |b ΚΩΝΣΤΑΝΤΙΝΟΣ  |y ΡΟΔΟΣ  |z 2011-08 
970 |z 2010/05/